[Event "English Open Championship 2024"]
[Site "Holiday Inn, 212 Abbey End, Kenilworth CV8 1ED, United Kingdom"]
[Date "2024.06.20"]
[Round "2.18"]
[White "Boswell, Jacob Connor"]
[Black "Dasgupta, Avyukt"]
[Result "1-0"]
[TimeControl "G90 + 30secs/move"]
[WhiteFideId "343406378"]
[BlackFideId "480630"]
[WhiteElo "1863"]
[BlackElo "2031"]

1. e4 {[%clk 01:27:57]} {[%emt 00:03:02]} e6 {[%clk 01:30:27]} {[%emt
00:00:35]} 2. d4 {[%clk 01:28:15]} {[%emt 00:00:11]} d5 {[%clk 01:30:51]}
{[%emt 00:00:06]} 3. Nd2 {[%clk 01:28:41]} {[%emt 00:00:04]} dxe4 {[%clk
01:31:18]} {[%emt 00:00:04]} 4. Nxe4 {[%clk 01:29:03]} {[%emt 00:00:07]} Bd7
{[%clk 01:31:45]} {[%emt 00:00:03]} 5. Nf3 {[%clk 01:29:18]} {[%emt 00:00:15]}
Bc6 {[%clk 01:32:08]} {[%emt 00:00:07]} 6. Bd3 {[%clk 01:29:39]} {[%emt
00:00:07]} Nd7 {[%clk 01:32:36]} {[%emt 00:00:04]} 7. O-O {[%clk 01:29:51]}
{[%emt 00:00:18]} Ngf6 {[%clk 01:33:04]} {[%emt 00:00:02]} 8. Ng3 {[%clk
01:29:53]} {[%emt 00:00:27]} g6 {[%clk 01:33:18]} {[%emt 00:00:17]} 9. Re1
{[%clk 01:30:06]} {[%emt 00:00:18]} Bg7 {[%clk 01:33:43]} {[%emt 00:00:04]} 10.
h4 {[%clk 01:30:26]} {[%emt 00:00:09]} O-O {[%clk 01:30:29]} {[%emt 00:03:45]}
11. h5 {[%clk 01:30:48]} {[%emt 00:00:07]} Ng4 {[%clk 01:20:55]} {[%emt
00:10:06]} 12. Ng5 {[%clk 01:23:22]} {[%emt 00:07:55]} Ndf6 {[%clk 01:13:12]}
{[%emt 00:08:13]} 13. c3 {[%clk 01:21:24]} {[%emt 00:02:28]} Qd6 {[%clk
01:07:58]} {[%emt 00:05:43]} 14. N5e4 {[%clk 01:11:22]} {[%emt 00:10:32]} Bxe4
{[%clk 01:04:01]} {[%emt 00:04:28]} 15. Bxe4 {[%clk 01:11:15]} {[%emt
00:00:37]} Nxe4 {[%clk 01:04:07]} {[%emt 00:00:24]} 16. Rxe4 {[%clk 01:10:43]}
{[%emt 00:01:02]} f5 {[%clk 00:55:59]} {[%emt 00:08:38]} 17. Bf4 {[%clk
01:06:20]} {[%emt 00:04:52]} Qd7 {[%clk 00:47:57]} {[%emt 00:08:33]} 18. Re2
{[%clk 01:02:51]} {[%emt 00:03:58]} Nf6 {[%clk 00:44:40]} {[%emt 00:03:48]} 19.
hxg6 {[%clk 00:55:17]} {[%emt 00:08:04]} hxg6 {[%clk 00:45:03]} {[%emt
00:00:07]} 20. Be5 {[%clk 00:53:50]} {[%emt 00:01:56]} Rae8 {[%clk 00:39:25]}
{[%emt 00:06:08]} 21. Qb3 {[%clk 00:52:19]} {[%emt 00:02:02]} c6 {[%clk
00:38:32]} {[%emt 00:01:24]} 22. Rae1 {[%clk 00:50:07]} {[%emt 00:02:41]} Rf7
{[%clk 00:33:05]} {[%emt 00:05:57]} 23. Nf1 {[%clk 00:48:15]} {[%emt 00:02:21]}
Ne4 {[%clk 00:29:55]} {[%emt 00:03:41]} 24. f3 {[%clk 00:46:38]} {[%emt
00:02:06]} Nf6 {[%clk 00:26:44]} {[%emt 00:03:42]} 25. Nd2 {[%clk 00:43:31]}
{[%emt 00:03:36]} b5 {[%clk 00:18:38]} {[%emt 00:08:37]} 26. a4 {[%clk
00:37:37]} {[%emt 00:06:24]} Nd5 {[%clk 00:16:15]} {[%emt 00:02:54]} 27. Qc2
{[%clk 00:33:04]} {[%emt 00:05:01]} Bxe5 {[%clk 00:08:28]} {[%emt 00:08:18]} 28.
Rxe5 {[%clk 00:33:11]} {[%emt 00:00:22]} bxa4 {[%clk 00:06:30]} {[%emt
00:02:29]} 29. Qxa4 {[%clk 00:31:47]} {[%emt 00:01:53]} c5 {[%clk 00:06:58]}
{[%emt 00:00:03]} 30. Qc4 {[%clk 00:20:50]} {[%emt 00:11:26]} cxd4 {[%clk
00:06:20]} {[%emt 00:01:09]} 31. Qxd4 {[%clk 00:21:17]} {[%emt 00:00:02]} Qc6
{[%clk 00:05:37]} {[%emt 00:01:14]} 32. Nb3 {[%clk 00:19:14]} {[%emt 00:02:32]}
Rd7 {[%clk 00:04:47]} {[%emt 00:01:21]} 33. Qf2 {[%clk 00:13:40]} {[%emt
00:06:03]} Qb6 {[%clk 00:02:02]} {[%emt 00:03:16]} 34. Nd4 {[%clk 00:10:21]}
{[%emt 00:03:49]} Nf4 {[%clk 00:01:18]} {[%emt 00:01:15]} 35. Qe3 {[%clk
00:06:50]} {[%emt 00:04:01]} Nd5 {[%emt 00:01:11]} 36. Qg5 {[%clk 00:06:33]}
{[%emt 00:00:42]} Rg7 {[%clk 00:00:48]} {[%emt 00:00:24]} 37. Rxd5 {[%clk
00:06:22]} {[%emt 00:00:40]} Qxb2 {[%clk 00:01:02]} {[%emt 00:00:16]} 1-0

[Event "English Open Championship 2024"]
[Site "Holiday Inn, 212 Abbey End, Kenilworth CV8 1ED, United Kingdom"]
[Date "2024.06.20"]
[Round "2.19"]
[White "Badacsonyi, Stanley"]
[Black "Pink, Joshua"]
[Result "1-0"]
[TimeControl "G90 + 30secs/move"]
[WhiteFideId "486973"]
[BlackFideId "424790"]
[WhiteElo "2132"]
[BlackElo "1892"]

1. d4 {[%clk 01:30:59]} d5 {[%clk 01:30:52]} {[%emt 00:00:08]} 2. Nc3 {[%clk
01:31:25]} {[%emt 00:00:04]} c6 {[%clk 01:31:05]} {[%emt 00:00:18]} 3. Bf4
{[%clk 01:31:50]} {[%emt 00:00:05]} Bg4 {[%clk 01:30:57]} {[%emt 00:00:37]} 4.
Qd2 {[%clk 01:30:08]} {[%emt 00:02:12]} e6 {[%clk 01:30:39]} {[%emt 00:00:48]}
5. f3 {[%clk 01:30:10]} {[%emt 00:00:28]} Bh5 {[%clk 01:30:47]} {[%emt
00:00:21]} 6. e4 {[%clk 01:29:56]} {[%emt 00:00:45]} Nf6 {[%clk 01:30:26]}
{[%emt 00:00:50]} 7. Nh3 {[%clk 01:29:29]} {[%emt 00:00:58]} Bb4 {[%clk
01:28:15]} {[%emt 00:02:42]} 8. Nf2 {[%clk 01:24:51]} {[%emt 00:05:06]} c5
{[%clk 01:25:29]} {[%emt 00:03:17]} 9. a3 {[%clk 01:15:24]} {[%emt 00:10:04]}
Qa5 {[%clk 01:19:59]} {[%emt 00:05:53]} 10. Rb1 {[%clk 01:13:30]} {[%emt
00:02:24]} cxd4 {[%clk 01:16:51]} {[%emt 00:03:37]} 11. axb4 {[%clk 01:13:28]}
{[%emt 00:00:33]} dxc3 {[%clk 01:17:13]} {[%emt 00:00:08]} 12. Qxc3 {[%clk
01:10:26]} {[%emt 00:03:31]} Qd8 {[%clk 01:15:37]} {[%emt 00:02:06]} 13. Bc7
{[%clk 00:57:58]} {[%emt 00:13:00]} Qd7 {[%clk 01:08:26]} {[%emt 00:07:40]} 14.
g4 {[%clk 00:54:40]} {[%emt 00:03:48]} Nc6 {[%clk 01:05:16]} {[%emt 00:03:39]}
15. gxh5 {[%clk 00:51:39]} {[%emt 00:03:31]} Qxc7 {[%clk 01:05:37]} {[%emt
00:00:09]} 16. b5 {[%clk 00:52:07]} {[%emt 00:00:03]} d4 {[%clk 01:06:01]}
{[%emt 00:00:06]} 17. Qc4 {[%clk 00:52:27]} {[%emt 00:00:10]} Qa5+ {[%clk
01:04:07]} {[%emt 00:02:24]} 18. b4 {[%clk 00:51:21]} {[%emt 00:01:36]} Ne5
{[%clk 01:04:32]} {[%emt 00:00:05]} 19. bxa5 {[%clk 00:51:42]} {[%emt
00:00:09]} Nxc4 {[%clk 01:04:53]} {[%emt 00:00:08]} 20. Bxc4 {[%clk 00:52:09]}
{[%emt 00:00:04]} 1-0

[Event "English Open Championship 2024"]
[Site "Holiday Inn, 212 Abbey End, Kenilworth CV8 1ED, United Kingdom"]
[Date "2024.06.20"]
[Round "2.20"]
[White "Sachdeva, Ronit"]
[Black "Seymour, Timothy P"]
[Result "1/2-1/2"]
[TimeControl "G90 + 30secs/move"]
[WhiteFideId "343401589"]
[BlackFideId "412112"]
[WhiteElo "1907"]
[BlackElo "2113"]

1. d4 {[%clk 01:30:39]} {[%emt 00:00:20]} d5 {[%clk 01:30:56]} {[%emt
00:00:04]} 2. c4 {[%clk 01:31:07]} {[%emt 00:00:03]} e6 {[%clk 01:31:14]}
{[%emt 00:00:13]} 3. Nf3 {[%clk 01:31:15]} {[%emt 00:00:21]} Nf6 {[%clk
01:31:36]} {[%emt 00:00:08]} 4. g3 {[%clk 01:31:41]} {[%emt 00:00:04]} dxc4
{[%clk 01:30:56]} {[%emt 00:01:10]} 5. Bg2 {[%clk 01:32:02]} {[%emt 00:00:09]}
c5 {[%clk 01:30:56]} {[%emt 00:00:30]} 6. O-O {[%clk 01:32:26]} {[%emt
00:00:06]} Nc6 {[%clk 01:31:15]} {[%emt 00:00:11]} 7. dxc5 {[%clk 01:32:50]}
{[%emt 00:00:06]} Qxd1 {[%clk 01:30:46]} {[%emt 00:00:59]} 8. Rxd1 {[%clk
01:33:18]} {[%emt 00:00:02]} Bxc5 {[%clk 01:31:08]} {[%emt 00:00:08]} 9. Nbd2
{[%clk 01:33:44]} {[%emt 00:00:04]} c3 {[%clk 01:31:09]} {[%emt 00:00:30]} 10.
bxc3 {[%clk 01:34:10]} {[%emt 00:00:04]} O-O {[%clk 01:30:19]} {[%emt
00:01:20]} 11. Nb3 {[%clk 01:34:14]} {[%emt 00:00:25]} Be7 {[%clk 01:30:47]}
{[%emt 00:00:02]} 12. Nfd4 {[%clk 01:22:43]} {[%emt 00:12:01]} Nxd4 {[%clk
01:30:32]} {[%emt 00:00:45]} 13. cxd4 {[%clk 01:20:07]} {[%emt 00:03:06]} Nd5
{[%clk 01:28:22]} {[%emt 00:02:40]} 14. e4 {[%clk 01:11:09]} {[%emt 00:09:28]}
Nc3 {[%clk 01:25:14]} {[%emt 00:03:38]} 15. Rd3 {[%clk 01:08:51]} {[%emt
00:02:48]} Na4 {[%clk 00:58:12]} {[%emt 00:27:32]} 16. Rb1 {[%clk 00:46:28]}
{[%emt 00:22:53]} Bd7 {[%clk 00:55:36]} {[%emt 00:03:06]} 17. Nc5 {[%clk
00:33:36]} {[%emt 00:13:22]} Bxc5 {[%clk 00:42:09]} {[%emt 00:13:57]} 18. dxc5
{[%clk 00:34:01]} {[%emt 00:00:04]} Nxc5 {[%clk 00:41:53]} {[%emt 00:00:46]} 19.
Rd1 {[%clk 00:34:19]} {[%emt 00:00:12]} Ba4 {[%clk 00:37:23]} {[%emt 00:05:01]}
20. Rd4 {[%clk 00:33:00]} {[%emt 00:01:47]} Rfd8 {[%clk 00:33:52]} {[%emt
00:04:02]} 21. Be3 {[%clk 00:24:33]} {[%emt 00:08:58]} b6 {[%clk 00:31:21]}
{[%emt 00:03:01]} 22. Rc4 {[%clk 00:24:03]} {[%emt 00:01:00]} Bd1 {[%clk
00:12:44]} {[%emt 00:19:06]} 23. Bxc5 {[%clk 00:24:18]} {[%emt 00:00:16]} Be2
{[%clk 00:12:41]} {[%emt 00:00:33]} 24. Rc3 {[%clk 00:24:09]} {[%emt 00:00:38]}
bxc5 {[%clk 00:12:54]} {[%emt 00:00:19]} 25. Rxc5 {[%clk 00:24:17]} {[%emt
00:00:21]} Kf8 {[%clk 00:10:07]} {[%emt 00:03:16]} 26. f4 {[%clk 00:22:30]}
{[%emt 00:02:18]} Rab8 {[%clk 00:09:06]} {[%emt 00:01:31]} 27. Rxb8 {[%clk
00:14:32]} {[%emt 00:08:28]} Rxb8 {[%clk 00:09:35]} {[%emt 00:00:01]} 28. Rc7
{[%clk 00:10:57]} {[%emt 00:04:05]} a6 {[%clk 00:09:22]} {[%emt 00:00:42]} 29.
Rc2 {[%clk 00:06:09]} {[%emt 00:05:15]} Bd3 {[%clk 00:06:40]} {[%emt 00:03:16]}
30. Rd2 {[%clk 00:05:41]} {[%emt 00:00:58]} Bc4 {[%clk 00:07:05]} {[%emt
00:00:05]} 31. Rc2 {[%clk 00:04:01]} {[%emt 00:02:08]} Bd3 {[%clk 00:07:34]}
{[%emt 00:00:03]} 32. Rd2 {[%clk 00:04:26]} {[%emt 00:00:06]} Rb1+ {[%clk
00:08:00]} {[%emt 00:00:03]} 33. Kf2 {[%clk 00:04:46]} {[%emt 00:00:10]} Bc4
{[%clk 00:07:37]} {[%emt 00:00:52]} 34. Rc2 {[%clk 00:04:28]} {[%emt 00:00:49]}
Rb4 {[%clk 00:07:37]} {[%emt 00:00:30]} 35. e5 {[%clk 00:04:15]} {[%emt
00:00:43]} Ra4 {[%clk 00:05:51]} {[%emt 00:02:16]} 36. a3 {[%clk 00:03:53]}
{[%emt 00:00:53]} Bd5 {[%clk 00:05:14]} {[%emt 00:01:06]} 37. Bxd5 {[%clk
00:04:07]} {[%emt 00:00:16]} exd5 {[%clk 00:05:43]} {[%emt 00:00:01]} 38. Rc3
{[%clk 00:03:51]} {[%emt 00:00:46]} g6 {[%clk 00:05:14]} {[%emt 00:01:00]} 39.
Rb3 {[%clk 00:03:13]} {[%emt 00:01:07]} Ke7 {[%clk 00:04:13]} {[%emt 00:01:30]}
40. Kf3 {[%clk 00:02:32]} {[%emt 00:01:12]} h5 {[%clk 00:04:05]} {[%emt
00:00:38]} 1/2-1/2

[Event "English Open Championship 2024"]
[Site "Holiday Inn, 212 Abbey End, Kenilworth CV8 1ED, United Kingdom"]
[Date "2024.06.20"]
[Round "2.21"]
[White "Shearsby, Jude"]
[Black "Alldritt, Nigel Re"]
[Result "1-0"]
[TimeControl "G90 + 30secs/move"]
[WhiteFideId "462527"]
[BlackFideId "404543"]
[WhiteElo "2092"]
[BlackElo "1974"]

1. e4 {[%clk 01:30:55]} {[%emt 00:00:03]} e6 {[%clk 01:30:55]} {[%emt
00:00:05]} 2. d4 {[%clk 01:31:20]} {[%emt 00:00:06]} d5 {[%clk 01:31:19]}
{[%emt 00:00:06]} 3. Nc3 {[%clk 01:31:45]} {[%emt 00:00:05]} Bb4 {[%clk
01:31:44]} {[%emt 00:00:06]} 4. e5 {[%clk 01:32:10]} {[%emt 00:00:05]} c5
{[%clk 01:32:06]} {[%emt 00:00:07]} 5. a3 {[%clk 01:32:27]} {[%emt 00:00:14]}
Bxc3+ {[%clk 01:32:30]} {[%emt 00:00:06]} 6. bxc3 {[%clk 01:32:53]} {[%emt
00:00:04]} Ne7 {[%clk 01:32:51]} {[%emt 00:00:08]} 7. Qg4 {[%clk 01:33:19]}
{[%emt 00:00:05]} O-O {[%clk 01:32:43]} {[%emt 00:00:38]} 8. Bd3 {[%clk
01:33:13]} {[%emt 00:00:36]} f5 {[%clk 01:32:58]} {[%emt 00:00:14]} 9. exf6
{[%clk 01:33:38]} {[%emt 00:00:06]} Rxf6 {[%clk 01:33:23]} {[%emt 00:00:05]} 10.
Bg5 {[%clk 01:34:03]} {[%emt 00:00:05]} Rf7 {[%clk 01:33:47]} {[%emt 00:00:06]}
11. Qh5 {[%clk 01:34:29]} {[%emt 00:00:03]} g6 {[%clk 01:34:07]} {[%emt
00:00:11]} 12. Qd1 {[%clk 01:34:55]} {[%emt 00:00:03]} Qa5 {[%clk 01:34:03]}
{[%emt 00:00:35]} 13. Bd2 {[%clk 01:35:17]} {[%emt 00:00:08]} Nd7 {[%clk
01:33:56]} {[%emt 00:00:37]} 14. Nf3 {[%clk 01:35:20]} {[%emt 00:00:27]} c4
{[%clk 01:33:52]} {[%emt 00:00:34]} 15. Be2 {[%clk 01:35:45]} {[%emt 00:00:05]}
Nc6 {[%clk 01:33:48]} {[%emt 00:00:34]} 16. Ng5 {[%clk 01:34:00]} {[%emt
00:02:15]} Re7 {[%clk 01:33:33]} {[%emt 00:00:45]} 17. h4 {[%clk 01:34:27]}
{[%emt 00:00:04]} Nf6 {[%clk 01:01:43]} {[%emt 00:32:19]} 18. h5 {[%clk
01:30:03]} {[%emt 00:04:55]} Bd7 {[%clk 01:01:03]} {[%emt 00:01:09]} 19. hxg6
{[%clk 01:28:21]} {[%emt 00:02:12]} hxg6 {[%clk 01:01:27]} {[%emt 00:00:06]} 20.
f4 {[%clk 01:21:20]} {[%emt 00:07:31]} Kg7 {[%clk 00:53:14]} {[%emt 00:08:42]}
21. Kf2 {[%clk 01:15:28]} {[%emt 00:06:22]} Rg8 {[%clk 00:49:04]} {[%emt
00:04:40]} 22. Rh4 {[%clk 01:13:30]} {[%emt 00:02:27]} Qd8 {[%clk 00:49:13]}
{[%emt 00:00:23]} 23. Bf3 {[%clk 01:00:29]} {[%emt 00:13:31]} Rh8 {[%clk
00:47:40]} {[%emt 00:02:03]} 24. Rxh8 {[%clk 01:00:41]} {[%emt 00:00:18]} Qxh8
{[%clk 00:47:23]} {[%emt 00:00:46]} 25. Qe2 {[%clk 01:01:07]} {[%emt 00:00:04]}
Qh4+ {[%clk 00:34:22]} {[%emt 00:13:32]} 26. Kg1 {[%clk 00:57:05]} {[%emt
00:04:31]} Re8 {[%clk 00:28:05]} {[%emt 00:06:48]} 27. Nh3 {[%clk 00:53:49]}
{[%emt 00:03:45]} Rh8 {[%clk 00:25:33]} {[%emt 00:03:03]} 28. Be1 {[%clk
00:51:20]} {[%emt 00:02:59]} Qh7 {[%clk 00:22:44]} {[%emt 00:03:19]} 29. Bg3
{[%clk 00:51:29]} {[%emt 00:00:21]} Qg8 {[%clk 00:21:49]} {[%emt 00:01:24]} 30.
Kf2 {[%clk 00:46:31]} {[%emt 00:05:28]} Qc8 {[%clk 00:15:45]} {[%emt 00:06:34]}
31. Ng5 {[%clk 00:45:00]} {[%emt 00:02:01]} Nd8 {[%clk 00:06:17]} {[%emt
00:09:58]} 32. Re1 {[%clk 00:44:12]} {[%emt 00:01:19]} Re8 {[%clk 00:05:59]}
{[%emt 00:00:47]} 33. Rh1 {[%clk 00:44:36]} {[%emt 00:00:06]} Nf7 {[%clk
00:05:42]} {[%emt 00:00:48]} 34. Bh4 {[%clk 00:39:18]} {[%emt 00:05:47]} Nh6
{[%clk 00:03:34]} {[%emt 00:02:38]} 35. Qe5 {[%clk 00:38:58]} {[%emt 00:00:47]}
Nhg8 {[%clk 00:02:21]} {[%emt 00:01:47]} 36. Nh7 {[%clk 00:37:52]} {[%emt
00:01:35]} Rf8 {[%clk 00:01:55]} {[%emt 00:00:57]} 37. Nxf8 {[%clk 00:35:06]}
{[%emt 00:03:16]} Qxf8 {[%clk 00:02:18]} {[%emt 00:00:06]} 38. g4 {[%clk
00:34:56]} {[%emt 00:00:39]} Kf7 {[%clk 00:02:25]} {[%emt 00:00:24]} 39. Bxf6
{[%clk 00:35:09]} {[%emt 00:00:18]} Nxf6 {[%clk 00:02:39]} {[%emt 00:00:16]} 40.
g5 {[%clk 00:35:33]} {[%emt 00:00:06]} Ne8 {[%clk 00:02:53]} {[%emt 00:00:15]}
41. f5 {[%clk 00:34:41]} {[%emt 00:01:22]} gxf5 {[%emt 00:01:19]} 42. Rh7+
{[%clk 00:34:21]} Ng7 {[%clk 00:03:04]} {[%emt 00:00:19]} 43. Qf6+ {[%clk
00:34:44]} {[%emt 00:00:08]} Kg8 {[%clk 00:03:09]} {[%emt 00:00:26]} 44. Rh8+
{[%clk 00:35:07]} {[%emt 00:00:06]} 1-0

[Event "English Open Championship 2024"]
[Site "Holiday Inn, 212 Abbey End, Kenilworth CV8 1ED, United Kingdom"]
[Date "2024.06.20"]
[Round "2.22"]
[White "Vaidyanathan, Adithya"]
[Black "Mclachlan, Matthew"]
[Result "1/2-1/2"]
[TimeControl "G90 + 30secs/move"]
[WhiteFideId "495450"]
[BlackFideId "436003"]
[WhiteElo "2002"]
[BlackElo "1917"]

1. Nf3 {[%clk 01:30:58]} {[%emt 00:00:02]} f5 {[%clk 01:30:53]} {[%emt
00:00:06]} 2. d4 {[%clk 01:31:14]} {[%emt 00:00:14]} e6 {[%clk 01:31:07]}
{[%emt 00:00:16]} 3. c4 {[%clk 01:31:31]} {[%emt 00:00:14]} Nf6 {[%clk
01:31:28]} {[%emt 00:00:08]} 4. Nc3 {[%clk 01:31:56]} {[%emt 00:00:06]} d6
{[%clk 01:31:34]} {[%emt 00:00:24]} 5. Bg5 {[%clk 01:32:17]} {[%emt 00:00:08]}
Be7 {[%clk 01:31:22]} {[%emt 00:00:42]} 6. Bxf6 {[%clk 01:32:08]} {[%emt
00:00:40]} Bxf6 {[%clk 01:31:45]} {[%emt 00:00:07]} 7. e4 {[%clk 01:32:32]}
{[%emt 00:00:06]} O-O {[%clk 01:20:28]} {[%emt 00:11:46]} 8. Bd3 {[%clk
01:28:15]} {[%emt 00:04:49]} Nc6 {[%clk 01:17:45]} {[%emt 00:03:12]} 9. Bc2
{[%clk 01:26:00]} {[%emt 00:02:45]} e5 {[%clk 01:09:12]} {[%emt 00:09:03]} 10.
dxe5 {[%clk 01:25:07]} {[%emt 00:01:23]} Bxe5 {[%clk 01:05:45]} {[%emt
00:03:57]} 11. Nxe5 {[%clk 01:24:17]} {[%emt 00:01:20]} Nxe5 {[%clk 01:06:08]}
{[%emt 00:00:06]} 12. exf5 {[%clk 01:09:35]} {[%emt 00:15:12]} Kh8 {[%clk
00:59:21]} {[%emt 00:07:17]} 13. O-O {[%clk 01:02:19]} {[%emt 00:07:47]} Bxf5
{[%clk 00:55:37]} {[%emt 00:04:13]} 14. Bxf5 {[%clk 01:01:32]} {[%emt
00:01:17]} Rxf5 {[%clk 00:56:02]} {[%emt 00:00:05]} 15. Nd5 {[%clk 00:59:37]}
{[%emt 00:02:27]} Qh4 {[%clk 00:41:29]} {[%emt 00:15:02]} 16. f4 {[%clk
00:42:45]} {[%emt 00:17:21]} Raf8 {[%clk 00:36:17]} {[%emt 00:05:42]} 17. g3
{[%clk 00:21:36]} {[%emt 00:21:39]} Qh3 {[%clk 00:31:47]} {[%emt 00:05:01]} 18.
Qe2 {[%clk 00:14:56]} {[%emt 00:07:10]} Ng4 {[%clk 00:29:01]} {[%emt 00:03:15]}
19. Ne3 {[%clk 00:12:38]} {[%emt 00:02:48]} Nxe3 {[%clk 00:28:53]} {[%emt
00:00:39]} 20. Qxe3 {[%clk 00:13:05]} {[%emt 00:00:03]} b6 {[%clk 00:26:19]}
{[%emt 00:03:04]} 21. Rae1 {[%clk 00:11:43]} {[%emt 00:01:52]} h6 {[%clk
00:24:00]} {[%emt 00:02:49]} 22. Qd4 {[%clk 00:10:39]} {[%emt 00:01:35]} R5f7
{[%clk 00:22:55]} {[%emt 00:01:34]} 23. Rf2 {[%clk 00:10:02]} {[%emt 00:01:06]}
Qf5 {[%clk 00:21:35]} {[%emt 00:01:50]} 24. b4 {[%clk 00:08:56]} {[%emt
00:01:37]} Qf6 {[%clk 00:20:49]} {[%emt 00:01:16]} 25. Qd3 {[%clk 00:08:25]}
{[%emt 00:01:01]} Qf5 {[%clk 00:16:53]} {[%emt 00:04:25]} 26. Qf3 {[%clk
00:07:46]} {[%emt 00:01:10]} Qf6 {[%clk 00:16:21]} {[%emt 00:01:01]} 27. Kg2
{[%clk 00:06:42]} {[%emt 00:01:35]} a5 {[%clk 00:08:54]} {[%emt 00:07:57]} 28.
bxa5 {[%clk 00:04:44]} {[%emt 00:02:28]} bxa5 {[%clk 00:09:19]} {[%emt
00:00:04]} 29. Rfe2 {[%clk 00:05:04]} {[%emt 00:00:10]} Qd8 {[%clk 00:07:47]}
{[%emt 00:02:03]} 30. Re6 {[%clk 00:02:32]} {[%emt 00:03:02]} Qa8 {[%clk
00:07:32]} {[%emt 00:00:45]} 31. R1e4 {[%clk 00:01:48]} {[%emt 00:01:14]} d5
{[%clk 00:06:57]} {[%emt 00:01:05]} 32. R4e5 {[%clk 00:01:20]} {[%emt
00:00:58]} dxc4 {[%clk 00:05:50]} {[%emt 00:01:37]} 33. Qxa8 {[%clk 00:01:32]}
{[%emt 00:00:18]} Rxa8 {[%clk 00:06:16]} {[%emt 00:00:03]} 34. Re8+ {[%clk
00:01:46]} {[%emt 00:00:17]} Rxe8 {[%clk 00:06:22]} {[%emt 00:00:24]} 35. Rxe8+
{[%clk 00:02:11]} {[%emt 00:00:05]} Kh7 {[%clk 00:06:50]} {[%emt 00:00:02]} 36.
Re5 {[%clk 00:02:34]} {[%emt 00:00:07]} Rf6 {[%clk 00:05:20]} {[%emt 00:02:00]}
37. Rxa5 {[%clk 00:01:15]} {[%emt 00:01:48]} Rc6 {[%clk 00:05:43]} {[%emt
00:00:08]} 38. Re5 {[%clk 00:01:26]} {[%emt 00:00:19]} c3 {[%clk 00:06:02]}
{[%emt 00:00:12]} 39. Re1 {[%clk 00:01:54]} {[%emt 00:00:01]} Rb6 {[%clk
00:04:29]} {[%emt 00:02:03]} 40. a3 {[%emt 00:02:03]} Rb2+ {[%clk 00:04:40]} 41.
Kh3 {[%clk 00:01:06]} {[%emt 00:00:04]} Ra2 {[%clk 00:04:59]} {[%emt 00:00:12]}
42. Re7 {[%clk 00:01:07]} {[%emt 00:00:28]} 1/2-1/2